000 00581nam a2200181 a 4500
005 20140412111316.0
008 030409s19uu xx 00 eng d
020 _a0-307-02186-6
050 _aER
_bWi63 1990
100 _aTeitelbaum, Michael
245 _aWinnie the pooh :
_band the missing bullhorn /
_cwritten by Michael Teitelbaum ; illustrated by Russell Schroeder and Don Williams.
260 _aNew York :
_bA Golden Book,
_c1990.
300 _a1 v. (unp.) ; ill.
440 _aWalt Disney's
650 _aHorn--Fiction
650 _aChildren stories
999 _c104211
_d104211